Historia de México : elementos prehispánicos /
Historia de México, dividida en tres volúmenes. Este, el primer volumen, abarca el periodo prehispánico, con secciones específicas dedicadas a los grupos mayas y nahuas, y culmina con un apéndice de reflexiones teóricas y metodológicas del quehacer historiográfico.
שמור ב:
| מחבר ראשי: | |
|---|---|
| פורמט: | ספר |
| שפה: | ספרדית |
| יצא לאור: |
México :
Jus,
1957, c1941
|
| מהדורה: | 6a edición |
| סדרה: | (Historia de México ;
1) |
| נושאים: | |
| תגים: |
אין תגיות, היה/י הראשונ/ה לתייג את הרשומה!
|
MARC
| LEADER | 00000nam^a2200000^a^4500 | ||
|---|---|---|---|
| 001 | 000102281 | ||
| 005 | 20250521000000.0 | ||
| 009 | 20260310093308.351 | ||
| 037 | |a Acervo ITESO - Biblioteca | ||
| 041 | |a ESP | ||
| 082 | |a 972. |b BRA V. 1 | ||
| 100 | |a Bravo Ugarte, José |e (autor) | ||
| 240 | 1 | 1 | |a [Historia de México de José Bravo Ugarte] |
| 245 | 1 | 0 | |a Historia de México : |b elementos prehispánicos / |c J. Bravo Ugarte. |
| 250 | |a 6a edición | ||
| 264 | 4 | |a México : |b Jus, |c 1957, c1941 | |
| 300 | |a 174 p. | ||
| 336 | |a texto |b txt |2 rdacontenido | ||
| 337 | |a sin mediación |b n |2 rdamedio | ||
| 338 | |a volumen |b nc |2 rdasoporte | ||
| 440 | 1 | |a (Historia de México ; |v 1) | |
| 520 | |a Historia de México, dividida en tres volúmenes. Este, el primer volumen, abarca el periodo prehispánico, con secciones específicas dedicadas a los grupos mayas y nahuas, y culmina con un apéndice de reflexiones teóricas y metodológicas del quehacer historiográfico. | ||
| 649 | |a XX | ||
| 650 | |a Nahuas - |x Historia | ||
| 650 | |a Mayas - |x Historia | ||
| 650 | |a Indígenas de México - |x Historia - |y Epoca Prehispánica | ||
| 650 | |a Historia - |x Teoría | ||
| 650 | |a México - |x Historia - |y Epoca Prehispánica - |x Tema Principal | ||
| 910 | |a Fondo General | ||
| 920 | |a Impresos - Libros | ||
| 930 | |a Colección General | ||
| 905 | |a 101 | ||
| 901 | |a 0500037633 |b IT1 |c ACC |u 20250521 | ||
| 902 | |a https://opac.biblio.iteso.mx/vufind/Record/000102281 | ||